A textbook of material science and metallurgy : (Record no. 63330)
[ view plain ]
| 000 -LEADER | |
|---|---|
| fixed length control field | 00712nam a2200217 a 4500 |
| 001 - CONTROL NUMBER | |
| control field | 63330 |
| 003 - CONTROL NUMBER IDENTIFIER | |
| rucl marc code | BD-RjUL |
| 005 - DATE AND TIME OF LATEST TRANSACTION | |
| control field | 20211209081201.0 |
| 008 - FIXED-LENGTH DATA ELEMENTS--GENERAL INFORMATION | |
| fixed length control field | 170129r19951994ii 000 0 eng d |
| 035 ## - SYSTEM CONTROL NUMBER | |
| System control number | (BD-RjUL)63459 |
| 040 ## - CATALOGING SOURCE | |
| Original cataloging agency | DLC |
| Transcribing agency | FO |
| Modifying agency | DLC |
| -- | BD-RjUL |
| Language of cataloging | eng |
| 041 ## - LANGUAGE CODE | |
| Language code of text/sound track or separate title | eng |
| 082 ## - DEWEY DECIMAL CLASSIFICATION NUMBER | |
| Classification number | 620.11 |
| Author mark and year | KHT 1995 |
| Edition number | 23 |
| 100 ## - MAIN ENTRY--PERSONAL NAME | |
| Personal name | Khanna, O. P. |
| 9 (RLIN) | 188467 |
| 245 12 - TITLE STATEMENT | |
| Title | A textbook of material science and metallurgy : |
| Remainder of title | (material Science, Extractive metallurgy, physical metallurgy, mechanical metallurgy) / |
| Statement of responsibility, etc. | O. P. Khanna |
| 250 ## - EDITION STATEMENT | |
| Edition statement | rev. ed. |
| 260 ## - PUBLICATION, DISTRIBUTION, ETC. (IMPRINT) | |
| Place of publication, distribution, etc. | New York : |
| Name of publisher, distributor, etc. | Barnes & Noble, |
| Date of publication, distribution, etc. | 1994 [reprinted 1995] |
| 300 ## - PHYSICAL DESCRIPTION | |
| Pagination | various pages ; |
| Size | 21 cm. |
| 650 ## - SUBJECT ADDED ENTRY--TOPICAL TERM | |
| Topical term or geographic name as entry element | Materials science. |
| 9 (RLIN) | 188468 |
| 942 ## - ADDED ENTRY ELEMENTS (KOHA) | |
| Source of classification or shelving scheme | Dewey Decimal Classification |
| Koha item type | Books |
| Lost status | Source of classification or shelving scheme | Damaged status | Not for loan | Collection code | Permanent Location | Current Location | Shelving location | Date acquired | Total Checkouts | Total Renewals | Full call number | Date last seen | Date checked out | Copy number | Koha item type |
|---|---|---|---|---|---|---|---|---|---|---|---|---|---|---|---|
| Dewey Decimal Classification | Non-fiction | Central Library, University of Rajshahi | Central Library, University of Rajshahi | 29/01/2017 | 13 | 1 | 620.11 KHT 1995 | 06/08/2025 | 27/07/2025 | C-2 | Books |